Advanced Accounting: B. Com Second Year-Semester III (Record no. 176533)

MARC details
000 -LEADER
fixed length control field 00740nam a22002417a 4500
005 - DATE AND TIME OF LATEST TRANSACTION
control field 20210105164307.0
010 ## - LCCN (DPL NO)
LC control number ENG-128733
020 ## - INTERNATIONAL STANDARD BOOK NUMBER
International Standard Book Number 978-81-8180-421-1
Terms of availability 195.00
035 ## - SYSTEM CONTROL NUMBER
System control number EN-112265
037 ## - SOURCE OF ACQUISITION
Source of stock number/acquisition DBAD/PUB
082 ## - DEWEY DECIMAL CLASSIFICATION NUMBER
Classification number 657.046
245 ## - TITLE STATEMENT
Title Advanced Accounting: B. Com Second Year-Semester III
Statement of responsibility, etc S. Krishnaiah Goud, et.al.
260 ## - PUBLICATION, DISTRIBUTION, ETC. (IMPRINT)
Place of publication, distribution, etc Hyderabad
Name of publisher, distributor, etc Telugu Akademi
Date of publication, distribution, etc 2017
270 ## - ADDRESS
City Hyderabad
Postal code 500029
Address Telugu Akademi
300 ## - PHYSICAL DESCRIPTION
Extent 507p.
Dimensions 28cm(pbk)
Other physical details Including tables.
700 ## - ADDED ENTRY--PERSONAL NAME
Personal name Goud, S. Krishnaiah
700 ## - ADDED ENTRY--PERSONAL NAME
Personal name Gopisetti, Rambabu
700 ## - ADDED ENTRY--PERSONAL NAME
Personal name Chary, S. Narasimha
700 ## - ADDED ENTRY--PERSONAL NAME
Personal name Gangadhar, K
700 ## - ADDED ENTRY--PERSONAL NAME
Personal name Talluri, Vanisree
700 ## - ADDED ENTRY--PERSONAL NAME
Personal name Yadagiri, M, Ed.
942 ## - ADDED ENTRY ELEMENTS (KOHA)
Source of classification or shelving scheme Dewey Decimal Classification
Item type English Books
Classification part 657.046
Call number suffix ADV
Holdings
Withdrawn status Lost status Not for loan Collection code Home library Current library Date acquired Source of acquisition Cost, normal purchase price Full call number Barcode Copy number Cost, replacement price Koha item type
      Non-fiction Central Library Central Library 05/01/2021 DBAD/PUB 195.00 657.046 ADV EN-112265 1 195.00 English Books

© Delhi Public Library
Hit Counter
free hit counter